=LDR 00000nam 2200000 4500 =001 INLIS000000000001395 =005 20130612085813 =008 ***********************************Ind** =035 ##$$0010-061300000001395 =041 ##$$a Ind =082 ##$$a 634.34 =090 ##$$a 634.34, Sri-i =100 ##$$a SRI, Wahyuni =245 ##$$a Ikan hias air tawar Red Phanton Tetra , Sri Wahyuni, A. Fauzi =260 ##$$a 2000 $b Jakarta =300 ##$$a vi, 42 hlm, ilus, 21 cm =650 ##$$a Red Panton Tetra (Ikan) =700 ##$$a FAUZI, A =850 ##$$a NBPNMAT